<?xml version="1.0" encoding="UTF-8"?><marc:collection xmlns:marc="http://www.loc.gov/MARC21/slim">
  <marc:record>
    <marc:leader>03981nas a2200565 c 4500</marc:leader>
    <marc:controlfield tag="001">010060537</marc:controlfield>
    <marc:controlfield tag="003">DE-101</marc:controlfield>
    <marc:controlfield tag="005">20250709212826.0</marc:controlfield>
    <marc:controlfield tag="007">tu</marc:controlfield>
    <marc:controlfield tag="008">991118d19181983ne u||m|  ||| 0||||1dut c</marc:controlfield>
    <marc:datafield tag="016" ind1="7" ind2=" ">
      <marc:subfield code="2">DE-600</marc:subfield>
      <marc:subfield code="a">957129-2</marc:subfield>
    </marc:datafield>
    <marc:datafield tag="016" ind1="7" ind2=" ">
      <marc:subfield code="2">DE-101</marc:subfield>
      <marc:subfield code="a">010060537</marc:subfield>
    </marc:datafield>
    <marc:datafield tag="030" ind1=" " ind2=" ">
      <marc:subfield code="a">MLBWA</marc:subfield>
    </marc:datafield>
    <marc:datafield tag="035" ind1=" " ind2=" ">
      <marc:subfield code="a">(DE-599)ZDB957129-2</marc:subfield>
    </marc:datafield>
    <marc:datafield tag="035" ind1=" " ind2=" ">
      <marc:subfield code="a">(OCoLC)633784588</marc:subfield>
    </marc:datafield>
    <marc:datafield tag="040" ind1=" " ind2=" ">
      <marc:subfield code="a">9001</marc:subfield>
      <marc:subfield code="b">ger</marc:subfield>
      <marc:subfield code="c">DE-101</marc:subfield>
      <marc:subfield code="d">9999</marc:subfield>
    </marc:datafield>
    <marc:datafield tag="041" ind1=" " ind2=" ">
      <marc:subfield code="a">dut</marc:subfield>
    </marc:datafield>
    <marc:datafield tag="042" ind1=" " ind2=" ">
      <marc:subfield code="a">zdb</marc:subfield>
    </marc:datafield>
    <marc:datafield tag="044" ind1=" " ind2=" ">
      <marc:subfield code="c">XA-NL</marc:subfield>
    </marc:datafield>
    <marc:datafield tag="082" ind1="7" ind2="4">
      <marc:subfield code="a">630</marc:subfield>
      <marc:subfield code="a">640</marc:subfield>
      <marc:subfield code="q">DE-600</marc:subfield>
      <marc:subfield code="2">22sdnb</marc:subfield>
    </marc:datafield>
    <marc:datafield tag="090" ind1=" " ind2=" ">
      <marc:subfield code="n">fp</marc:subfield>
    </marc:datafield>
    <marc:datafield tag="110" ind1="2" ind2=" ">
      <marc:subfield code="0">(DE-588)1036568-0</marc:subfield>
      <marc:subfield code="0">https://d-nb.info/gnd/1036568-0</marc:subfield>
      <marc:subfield code="0">(DE-101)004226143</marc:subfield>
      <marc:subfield code="a">Landbouwhogeschool Wageningen</marc:subfield>
      <marc:subfield code="e">Verfasser</marc:subfield>
      <marc:subfield code="4">aut</marc:subfield>
      <marc:subfield code="2">gnd</marc:subfield>
    </marc:datafield>
    <marc:datafield tag="210" ind1="0" ind2="0">
      <marc:subfield code="a">MEDED LANDBOUWHOGESCH WAGENINGEN</marc:subfield>
    </marc:datafield>
    <marc:datafield tag="245" ind1="1" ind2="0">
      <marc:subfield code="a">Mededelingen / Landbouwhogeschool Wageningen, Nederland</marc:subfield>
    </marc:datafield>
    <marc:datafield tag="247" ind1="0" ind2="0">
      <marc:subfield code="a">Mededeelingen van de Landbouwhoogeschool en van de daaraan verbonden instituten</marc:subfield>
      <marc:subfield code="f">Hauptsacht. 14.1918 - 47.1946</marc:subfield>
    </marc:datafield>
    <marc:datafield tag="247" ind1="0" ind2="0">
      <marc:subfield code="a">Mededelingen van de Landbouwhogeschool en van de daaraan verbonden instituten</marc:subfield>
      <marc:subfield code="f">Hauptsacht. 48.1947 - 55.1955</marc:subfield>
    </marc:datafield>
    <marc:datafield tag="247" ind1="0" ind2="0">
      <marc:subfield code="a">Mededelingen van de Landbouwhogeschool te Wageningen, Nederland</marc:subfield>
      <marc:subfield code="f">Hauptsacht. 56.1956 - 63.1963</marc:subfield>
    </marc:datafield>
    <marc:datafield tag="247" ind1="0" ind2="0">
      <marc:subfield code="a">Mededelingen van de Landbouwhogeschool, Wageningen, Nederland</marc:subfield>
      <marc:subfield code="f">Hauptsacht. 64.1964 - 65.1965</marc:subfield>
    </marc:datafield>
    <marc:datafield tag="264" ind1="3" ind2="1">
      <marc:subfield code="a">Wageningen</marc:subfield>
      <marc:subfield code="b">Landbouwhogeschool</marc:subfield>
      <marc:subfield code="c">1918-1983</marc:subfield>
    </marc:datafield>
    <marc:datafield tag="264" ind1="2" ind2="1">
      <marc:subfield code="3">-1982</marc:subfield>
      <marc:subfield code="a">Wageningen</marc:subfield>
      <marc:subfield code="b">Veenman</marc:subfield>
    </marc:datafield>
    <marc:datafield tag="336" ind1=" " ind2=" ">
      <marc:subfield code="a">Text</marc:subfield>
      <marc:subfield code="b">txt</marc:subfield>
      <marc:subfield code="2">rdacontent</marc:subfield>
    </marc:datafield>
    <marc:datafield tag="337" ind1=" " ind2=" ">
      <marc:subfield code="a">ohne Hilfsmittel zu benutzen</marc:subfield>
      <marc:subfield code="b">n</marc:subfield>
      <marc:subfield code="2">rdamedia</marc:subfield>
    </marc:datafield>
    <marc:datafield tag="338" ind1=" " ind2=" ">
      <marc:subfield code="a">Band</marc:subfield>
      <marc:subfield code="b">nc</marc:subfield>
      <marc:subfield code="2">rdacarrier</marc:subfield>
    </marc:datafield>
    <marc:datafield tag="362" ind1="0" ind2=" ">
      <marc:subfield code="a">14.1918 - 83.1983</marc:subfield>
    </marc:datafield>
    <marc:datafield tag="363" ind1="0" ind2="0">
      <marc:subfield code="8">1.1\x</marc:subfield>
      <marc:subfield code="a">14</marc:subfield>
      <marc:subfield code="i">1918</marc:subfield>
    </marc:datafield>
    <marc:datafield tag="363" ind1="1" ind2="0">
      <marc:subfield code="8">1.2\x</marc:subfield>
      <marc:subfield code="a">83</marc:subfield>
      <marc:subfield code="i">1983</marc:subfield>
    </marc:datafield>
    <marc:datafield tag="591" ind1=" " ind2=" ">
      <marc:subfield code="a">98!</marc:subfield>
    </marc:datafield>
    <marc:datafield tag="655" ind1=" " ind2="7">
      <marc:subfield code="0">(DE-588)4179998-7</marc:subfield>
      <marc:subfield code="0">https://d-nb.info/gnd/4179998-7</marc:subfield>
      <marc:subfield code="0">(DE-101)041799984</marc:subfield>
      <marc:subfield code="a">Monografische Reihe</marc:subfield>
      <marc:subfield code="2">gnd-content</marc:subfield>
    </marc:datafield>
    <marc:datafield tag="780" ind1="0" ind2="0">
      <marc:subfield code="i">Vorg.:</marc:subfield>
      <marc:subfield code="a">Rijks Hoogere Land-, Tuin- en Boschbouwschool &lt;Wageningen&gt;</marc:subfield>
      <marc:subfield code="t">Mededeelingen van de Rijks Hoogere Land-, Tuin- en Boschbouwschool en de daaran verbonden instituten</marc:subfield>
      <marc:subfield code="d">Wageningen : Veenmann, 1908-1918</marc:subfield>
      <marc:subfield code="w">(DE-600)957130-9</marc:subfield>
      <marc:subfield code="w">(DE-101)010060553</marc:subfield>
    </marc:datafield>
    <marc:datafield tag="785" ind1="0" ind2="0">
      <marc:subfield code="i">Forts.:</marc:subfield>
      <marc:subfield code="a">Landbouwhogeschool Wageningen</marc:subfield>
      <marc:subfield code="t">Agricultural University Wageningen papers</marc:subfield>
      <marc:subfield code="d">Wageningen : Veenmann, 1984-1985</marc:subfield>
      <marc:subfield code="x">0169-345X</marc:subfield>
      <marc:subfield code="w">(DE-600)2083930-3</marc:subfield>
      <marc:subfield code="w">(DE-101)023698314</marc:subfield>
    </marc:datafield>
    <marc:datafield tag="787" ind1="0" ind2="8">
      <marc:subfield code="i">18,4=4; 22,1=6 von</marc:subfield>
      <marc:subfield code="a">Laboratorium voor Plantenphysiologie &lt;Wageningen&gt;</marc:subfield>
      <marc:subfield code="t">Laboratorium voor Plantenphysiologie</marc:subfield>
      <marc:subfield code="d">Wageningen : [Verlag nicht ermittelbar], 1920-1921</marc:subfield>
      <marc:subfield code="w">(DE-600)842497-4</marc:subfield>
      <marc:subfield code="w">(DE-101)014539721</marc:subfield>
    </marc:datafield>
    <marc:datafield tag="787" ind1="0" ind2="8">
      <marc:subfield code="i">25,3=7; 27=8-9 von</marc:subfield>
      <marc:subfield code="a">Laboratorium voor Plantenphysiologisch Onderzoek &lt;Wageningen&gt;</marc:subfield>
      <marc:subfield code="t">Laboratorium voor Plantenphysiologisch Onderzoek</marc:subfield>
      <marc:subfield code="d">Wageningen : [Verlag nicht ermittelbar], 1923-1925</marc:subfield>
      <marc:subfield code="w">(DE-600)842496-2</marc:subfield>
      <marc:subfield code="w">(DE-101)014539713</marc:subfield>
    </marc:datafield>
    <marc:datafield tag="787" ind1="0" ind2="8">
      <marc:subfield code="i">Einzelne Bd. zugl. Bd. von</marc:subfield>
      <marc:subfield code="t">Belmontia</marc:subfield>
      <marc:subfield code="d">Wageningen : PUDOC, 1974-1998</marc:subfield>
      <marc:subfield code="x">0169-4375</marc:subfield>
      <marc:subfield code="w">(DE-600)961176-9</marc:subfield>
      <marc:subfield code="w">(DE-101)01010853X</marc:subfield>
    </marc:datafield>
    <marc:datafield tag="787" ind1="0" ind2="8">
      <marc:subfield code="i">37,1=38; 46,2=67 von</marc:subfield>
      <marc:subfield code="a">Laboratorium voor Plantenphysiologisch Onderzoek &lt;Wageningen&gt;</marc:subfield>
      <marc:subfield code="t">Mededeeling / Laboratorium voor Plantenphysiologisch Onderzoek, Wageningen</marc:subfield>
      <marc:subfield code="d">Amsterdam : Koninklijke Akad. van Wetenschappen, 1926-1962</marc:subfield>
      <marc:subfield code="w">(DE-600)964750-8</marc:subfield>
      <marc:subfield code="w">(DE-101)010160736</marc:subfield>
    </marc:datafield>
    <marc:datafield tag="787" ind1="0" ind2="8">
      <marc:subfield code="t">79,14=12 von "Primitiae Africanae"</marc:subfield>
    </marc:datafield>
    <marc:datafield tag="787" ind1="0" ind2="8">
      <marc:subfield code="i">Einzelne H. zugl. Bd. von</marc:subfield>
      <marc:subfield code="t">Series of revisions of Apocynaceae</marc:subfield>
      <marc:subfield code="d">Wageningen : [Verlag nicht ermittelbar], 1976-</marc:subfield>
      <marc:subfield code="w">(DE-600)845364-0</marc:subfield>
      <marc:subfield code="w">(DE-101)014565617</marc:subfield>
    </marc:datafield>
    <marc:datafield tag="787" ind1="0" ind2="8">
      <marc:subfield code="i">Einzelne H. zugl. Bd. von</marc:subfield>
      <marc:subfield code="a">Laboratorium voor Entomologie &lt;Wageningen&gt;</marc:subfield>
      <marc:subfield code="t">Mededeling / Laboratorium voor Entomologie</marc:subfield>
      <marc:subfield code="d">Wageningen : [Verlag nicht ermittelbar], 1954-[1989?]</marc:subfield>
      <marc:subfield code="w">(DE-600)1108018-8</marc:subfield>
      <marc:subfield code="w">(DE-101)016378342</marc:subfield>
    </marc:datafield>
    <marc:datafield tag="787" ind1="0" ind2="8">
      <marc:subfield code="i">69,18=281 von</marc:subfield>
      <marc:subfield code="a">Laboratorium voor Plantenphysiologisch Onderzoek &lt;Wageningen&gt;</marc:subfield>
      <marc:subfield code="t">Communication / Laboratory for Plant Physiological Research, Wageningen, Koninklijke Akademie van Wetenschappen te Amsterdam</marc:subfield>
      <marc:subfield code="d">Wageningen : Akad., 1925-1980</marc:subfield>
      <marc:subfield code="w">(DE-600)964748-X</marc:subfield>
      <marc:subfield code="w">(DE-101)010160698</marc:subfield>
    </marc:datafield>
    <marc:datafield tag="787" ind1="0" ind2="8">
      <marc:subfield code="i">63,11=94; 70,10=179 von</marc:subfield>
      <marc:subfield code="a">Laboratorium voor Entomologie &lt;Wageningen&gt;</marc:subfield>
      <marc:subfield code="t">Communication / Laboratory of Entomology, Agricultural University Wageningen</marc:subfield>
      <marc:subfield code="d">Wageningen : H. Veenman &amp; Zonen N.V., [1960?-1970?]</marc:subfield>
      <marc:subfield code="w">(DE-600)1420690-0</marc:subfield>
      <marc:subfield code="w">(DE-101)019151543</marc:subfield>
    </marc:datafield>
    <marc:datafield tag="850" ind1=" " ind2=" ">
      <marc:subfield code="a">DE-101a</marc:subfield>
    </marc:datafield>
  </marc:record>
</marc:collection>
